000 00306nam a2200121Ia 4500
005 20260328101446.0
008 260328s9999||||xx |||||||||||||| ||und||
100 _aLamberto Vitali
245 0 _aLos Grandes Escultores :
_b degas /
_cLamberto Vitali
260 _bViscontea
650 _aESCULTURA
942 _cBK
999 _c8486
_d8486